| 000 | 01460nam0a2200397 4500 | ||
|---|---|---|---|
| 001 | RU\NLR\bibl\1162970 | ||
| 005 | 20250615083343.0 | ||
| 010 |
_a978-5-17-043569-2 _bАСТ |
||
| 010 |
_a978-5-271-16657-0 _95000 _bАстрель |
||
| 021 |
_aRU _b2007-74073 _93988 |
||
| 035 | _a(nilc)IZD\AST\2007\742867 | ||
| 035 | _a(NLR Aleph) 001149703 | ||
| 090 |
_a1469785 _c1469785 |
||
| 100 | _a20070809d2007 |||y0rusy50 ca | ||
| 101 | 1 |
_arus _ceng |
|
| 102 | _aRU | ||
| 105 | _aa ||||||||| | ||
| 200 | 1 |
_aГипноз _eдейственные методики внушения _fРэйчел Коплан _g[пер. с англ. В.Е. Венюковой] |
|
| 210 |
_aМосква _cАСТ _cАстрель _d2007 |
||
| 215 |
_a247 с. _cил. _d21 |
||
| 225 | 1 | _aНаучитесь гипнотизировать себя и других! | |
| 606 | 1 |
_aГипноз _9929026 _3RU\NLR\auth\6623174 |
|
| 606 | 1 |
_aСамовнушение _91323803 _3RU\NLR\auth\66234577 |
|
| 686 |
_a0017 _aПопулярная психология _2TCC-BG |
||
| 686 |
_a00164 _aГипноз _2TCC-BG |
||
| 686 |
_a03544 _aПсихотерапия _2TCC-BG |
||
| 686 |
_a53.57 _vLBC/PL |
||
| 686 |
_a88.6 _vLBC/PL |
||
| 686 | _aЮ962 | ||
| 700 | 1 |
_aКоплан _bР. _gРэйчел _4070 |
|
| 801 | 0 |
_aRU _bЛИБНЕТ _c20070809 _gRCR |
|
| 801 | 1 |
_aRU _bЦУНБ Москва _c20070816 _2rusmarc |
|
| 801 | 2 |
_aRU _bNLR _c20071204 _grcr |
|
| 942 | _cBOOK | ||
| 980 | _aNB | ||